Griekenland Trivia Quiz - Statistieken

Algemene statistieken
  • Deze quiz is 1.416 keer genomen
  • De gemiddelde score is 14 van 30
Antwoordstatistieken
Hint Antwoord % Correct
Hoofdstad Athene
99%
Wat Griekenland organiseerde in 1896 en 2004 Olympische Zomerspelen
75%
God van de hemel en de donder Zeus
71%
Naam van deze letter: Δ Delta
70%
Eiland - Minoïsche beschaving Kreta
63%
God van de zee Poseidon
57%
God van de onderwereld Hades
54%
Winnende stad van de Peloponnesische oorlog Sparta
54%
Stad van het orakel Delphi
52%
Godin van de liefde en de schoonheid Afrodite
49%
Veroveraar van Perzië Alexander de Grote
49%
Rijk waarvan Griekenland in 1830 onafhankelijk werd Ottomaanse rijk
48%
Groente waar Moussaka van gemaakt wordt Aubergine
46%
Grieks voor "Griekenland" Hellas
44%
Auteur van "De Ilias" Homerus
44%
Godin van de wijsheid Athena
43%
God van de oorlog Ares
39%
Betekenis van het Griekse voorvoegsel: Anthropo Mens
39%
Zee tussen Griekenland en Turkije Egeïsche zee
38%
Betekenis van het Griekse voorvoegsel: Astro Ster
38%
Meest bekende tempel Parthenon
37%
Eiland - Kolossus standbeeld Rodos
37%
Betekenis van het Griekse voorvoegsel: Tele Ver weg
37%
Betekenis van het Griekse voorvoegsel: Bio Leven
35%
Hij zei "Eureka!" toen hij in bad zat Archimedes
34%
Koninkrijk waar de bovenstaande vandaan kwam Macedonië
33%
Voormalige valuta Drachme
32%
Eiland - Geboorteplaats van de dichter Sappho Lesbos
31%
Schiereiland waar Griekenland op ligt Balkan
25%
Eiland - Thuis van Odysseus Ithaka
20%
Geen overeenkomende quizzen gevonden
Scoreverdeling
Procent van Mensen met Elke Score
Percentiel versus Aantal Correcte Antwoorden
Uw Scoregeschiedenis
U heeft deze quiz nog niet genomen